000 01025nas a2200301 4500
001 BR0205491
003 BR-BrBNA
005 20231205103400.0
007 ta
008 230509b bl.|||p| |||| 00| 00por d
040 _aBR-BrBNA
_bpor
_cBiblioteca Nacional de Agricultura
041 _a(Pt)
072 _aE16; E71
100 1 _aAlimandro, R.
100 1 _aHonczar, G.
245 1 _aVisões do agribusiness: os últimos 22 anos. A força da produtividad, declíneos na participação da agropecuária na renda e expressivos ganhos de produtividade em grãos marcaram o desempenho do agronegócio brasileiro
650 _aGRÃO
650 _aPRODUTIVIDADE
650 _aDADOS ESTATÍSTICOS
650 _aAGRIBUSINESS
650 _aEXPORTAÇÃO
650 _aIMPORTAÇÃO
650 _aPRODUTO INTERNO BRUTO
650 _aANÁLISE ECONÔMICA
773 0 _tAgroanalysis (Brazil)
_xISSN 0100-4298
_g(Aug 2002), v. 22(6) p. 24-32
_wBR0205491
909 _a202311
_bLúcia
_c55
_dLúcia Elande
942 _2AGRIS
_n0
_cANA
999 _c172561
_d172561